Statistics for Byrds Albums Tile Select

Click here to take the quiz!

General Stats

  • This quiz has been taken 2 times
  • The average score is 32 of 45

Answer Stats

QuestionTileSelect% Correct
the following songs that are on Fifth Dimension (1966).Artificial EnergyNo
100%
the following songs that are on Younger Than Yesterday (1967).Change Is NowNo
100%
the following songs that are on Sweetheart of the Rodeo (1968).Chestnut MareNo
100%
the following songs that are on The Notorious Byrd Brothers (1968).Dolphin's SmileYes
100%
the following songs that are on The Notorious Byrd Brothers (1968).Draft MorningYes
100%
the following songs that are on Fifth Dimension (1966).Eight Miles HighYes
100%
the following songs that are on Younger Than Yesterday (1967).Have You Seen Her FaceYes
100%
the following songs that are on Sweetheart of the Rodeo (1968).I Am a PilgrimYes
100%
the following songs that are on Sweetheart of the Rodeo (1968).I Wanna Grow Up to Be a PoliticianNo
100%
the following songs that are on Fifth Dimension (1966).Mind GardensNo
100%
the following songs that are on The Notorious Byrd Brothers (1968).Natural HarmonyYes
100%
the following songs that are on Sweetheart of the Rodeo (1968).Nothing Was DeliveredYes
100%
the following songs that are on The Notorious Byrd Brothers (1968).Old John RobertsonYes
100%
the following songs that are on Sweetheart of the Rodeo (1968).Pretty Boy FloydYes
100%
the following songs that are on The Notorious Byrd Brothers (1968).Satisfied MindNo
100%
the following songs that are on Younger Than Yesterday (1967).So You Want to Be a Rock 'n' Roll StarYes
100%
the following songs that are on Mr. Tambourine Man (1965).The Bells of RhymneyYes
100%
the following songs that are on Mr. Tambourine Man (1965).The World Turns All Around HerNo
100%
the following songs that are on Mr. Tambourine Man (1965).Turn! Turn! Turn!No
100%
the following songs that are on Fifth Dimension (1966).Wild Mountain ThymeYes
100%
the following songs that are on Sweetheart of the Rodeo (1968).America's Great National PastimeNo
50%
the following songs that are on Younger Than Yesterday (1967).Captain SoulNo
50%
the following songs that are on Sweetheart of the Rodeo (1968).Full CircleNo
50%
the following songs that are on The Notorious Byrd Brothers (1968).Goin' BackYes
50%
the following songs that are on Mr. Tambourine Man (1965).Here Without YouYes
50%
the following songs that are on Mr. Tambourine Man (1965).He Was a Friend of MineNo
50%
the following songs that are on Fifth Dimension (1966).Hey JoeYes
50%
the following songs that are on The Notorious Byrd Brothers (1968).Hickory WindNo
50%
the following songs that are on Mr. Tambourine Man (1965).I'll Feel a Whole Lot BetterYes
50%
the following songs that are on Younger Than Yesterday (1967).I See YouNo
50%
the following songs that are on Mr. Tambourine Man (1965).It Won't Be WrongNo
50%
the following songs that are on Sweetheart of the Rodeo (1968).Jesus Is Just All RightNo
50%
the following songs that are on Fifth Dimension (1966).John RileyYes
50%
the following songs that are on Fifth Dimension (1966).Mr. SpacemanYes
50%
the following songs that are on Mr. Tambourine Man (1965).Mr. Tambourine ManYes
50%
the following songs that are on Younger Than Yesterday (1967).My Back PagesYes
50%
the following songs that are on The Notorious Byrd Brothers (1968).One Hundred Years from NowNo
50%
the following songs that are on Younger Than Yesterday (1967).Renaissance FairYes
50%
the following songs that are on Fifth Dimension (1966).Set You Free This TimeNo
50%
the following songs that are on Fifth Dimension (1966).Space OdysseyNo
50%
the following songs that are on Sweetheart of the Rodeo (1968).The Christian LifeYes
50%
the following songs that are on The Notorious Byrd Brothers (1968).Thoughts and WordsNo
50%
the following songs that are on Younger Than Yesterday (1967).Wasn't Born to FollowNo
50%
the following songs that are on Mr. Tambourine Man (1965).I Knew I'd Want YouYes
0%
the following songs that are on Younger Than Yesterday (1967).WhyYes
0%

Score Distribution

Percentile by Number Answered

Percent of People with Each Score

Your Score History

You have not taken this quiz